| 000 | 00581nam a2200193Ia 4500 | ||
|---|---|---|---|
| 005 | 20250923144906.0 | ||
| 008 | 008 250917s9999 xx 000 0 eng d | ||
| 037 | _aTextual | ||
| 040 |
_aDSWL _beng _cDSWL |
||
| 041 |
_aeng _2eng |
||
| 084 | _qDSWL | ||
| 245 | 0 |
_aVol. II Andhra Pradesh, Part VI - Village survey monographs serial No. 39, A Monograph on Kotha Armor _cCensus, of India, 1961 |
|
| 260 |
_aDelhi _bManager of Publication _c1964 |
||
| 300 | _axxxiv,223p. | ||
| 365 |
_aINR _b6.80 |
||
| 925 | _g6.80 | ||
| 942 | _cTEXL | ||
| 999 |
_c1444650 _d1444650 |
||